Разработка методик определения следов алюминия, кобальта, никеля, марганца, цинка, железа, меди, мышьяка, фосфора, кремния, кальция, калия, натрия, углерода в вольфрамовых и молибденовых продуктах: Отчет о НИР; Тема 5-86/73

Dades bibliogràfiques
Autor corporatiu: Томский политехнический институт (ТПИ) (595)
Altres autors: Глуховская Р. Д. (руководитель)
Idioma:rus
Publicat: Томск, ТПИ, 1975
Matèries:
Format: MixedMaterials Llibre
KOHA link:https://koha.lib.tpu.ru/cgi-bin/koha/opac-detail.pl?biblionumber=174661

MARC

LEADER 00000nbm0a2200000 4500
001 174661
005 20231101223156.0
029 0 0 |a SU  |b 75033923  |f ТПУ 
035 |a (RuTPU)RU\TPU\book\189406 
090 |a 174661 
100 |a 20100202d1975 k y0rusy50 ca 
101 0 |a rus 
102 |a RU 
105 |a a p 001zy 
200 1 |a Разработка методик определения следов алюминия, кобальта, никеля, марганца, цинка, железа, меди, мышьяка, фосфора, кремния, кальция, калия, натрия, углерода в вольфрамовых и молибденовых продуктах  |e Отчет о НИР  |e Тема 5-86/73  |f Томский политехнический институт (ТПИ) ; руководитель Р. Д. Глуховская 
210 |a Томск  |c ТПИ  |d 1975 
215 |a 169 л. 
320 |a Библиогр.: с. 147-149 
606 1 |a Микропримеси  |x Определение  |2 stltpush  |3 (RuTPU)RU\TPU\subj\73411  |9 86435 
606 1 |a Молибден, соединения  |x Химия  |2 stltpush  |3 (RuTPU)RU\TPU\subj\75242  |9 87102 
606 1 |a Вольфрам, соединения  |x Химия  |2 stltpush  |3 (RuTPU)RU\TPU\subj\75243  |9 87103 
610 1 |a отчеты о НИР 
610 1 |a алюминий 
610 1 |a кобальт 
610 1 |a никель 
610 1 |a марганец 
610 1 |a цинк 
610 1 |a железо 
610 1 |a медь 
610 1 |a мышьяк 
610 1 |a фосфор 
610 1 |a кремний 
610 1 |a кальций 
610 1 |a калий 
610 1 |a натрий 
610 1 |a углерод 
610 1 |a реактивы 
610 1 |a вещества высокой чистоты 
610 1 |a метод амальгамной полярографии 
610 1 |a ртутные пленки 
610 1 |a электролизеры 
610 1 |a калибровочные графики 
610 1 |a пламенно-фотометрические исследования 
610 1 |a экстракционно-фотометрическое определение 
610 1 |a химико-спектральный анализ 
610 1 |a хроматографический анализ 
675 |a 543.064(04)  |v 3 
675 |a 546.77(04)  |v 3 
675 |a 546.78(04)  |v 3 
702 1 |a Глуховская  |b Р. Д.  |4 673 
712 0 2 |a Томский политехнический институт (ТПИ)  |c (1944-1991)  |2 stltpush  |3 (RuTPU)RU\TPU\col\1123  |4 595 
801 1 |a RU  |b 63413507  |c 20100202 
801 2 |a RU  |b 63413507  |c 20200203  |g RCR 
942 |c BK